The information society a study of continuity and change

-д хадгалсан:
Номзүйн дэлгэрэнгүй
Үндсэн зохиолч: FEATHER,John
Формат: Ном
Хэл сонгох:англи
Хэвлэсэн: Facet Publishers 2013
Шошгууд: Шошго нэмэх
Шошго байхгүй, Энэхүү баримтыг шошголох эхний хүн болох!

MARC

LEADER 00000nam a22000007a 4500
008 210813b ||||| |||| 00| 0 eng d
020 |a 9781856048187 
100 |a FEATHER,John 
245 |a The information society  |b a study of continuity and change  |c John Feather  |g vii, 218p 
250 |b 6th 
260 |b Facet Publishers  |c 2013  |h London  |i 696824  |i 696825  |l HM851.F31  |m Information society  |m Information technology  |m Computer networks 
500 |a it includes index 
942 |a lcc  |c BK  |e Johnson  |f 13/08/21 
952 |0 0  |1 0  |2 lcc  |4 0  |7 0  |9 3028  |a SSL  |b HOL  |c GJ  |d 2021-08-13  |o HM851.F31  |p 2021-66725  |r 2021-08-13 00:00:00  |w 2021-08-13  |y BK 
952 |0 0  |1 0  |2 lcc  |4 0  |7 0  |9 3029  |a HOL  |b HOL  |c GJ  |d 2021-08-13  |o HM851.F31  |p 2021-66726  |r 2021-08-13 00:00:00  |w 2021-08-13  |y BK 
999 |c 1537  |d 1537